| 000 | 00511cam a2200193ua 4500 | ||
|---|---|---|---|
| 020 | _c3.90 | ||
| 041 |
_aeng _h |
||
| 082 |
_a636 _bDET/AN |
||
| 100 | _aDethiar, U.G . | ||
| 245 |
_aAnimal behaviour : Its evolutionary and neurological basis / _cU.G.Dethiar. _hTextual Documents |
||
| 250 |
_a1 / _b. |
||
| 260 |
_aNew Delhi : _bPrentice Hall of India Pvt Ltd. , _c1963. |
||
| 300 | _a118 ; . | ||
| 365 | _a3.90 | ||
| 504 | _a | ||
| 700 | 1 | _aStellar, Eliot . | |
| 942 | _cBK | ||
| 999 |
_c2354 _d2354 |
||